000 00256nam a2200097Ia 4500
001 1224661
005 20250827092930.0
008 250824s9999 xx 000 0 und d
245 0 _aBEKLENMEYEN MİSAFİR
_cAGATHA CHRISTIE
260 _bALTIN KİTAP YAYINLARI
999 _c1224661
_d1224661